Countries With Subway - Sudden Death - Statistics

General Stats
  • This quiz has been taken 1,048 times
    172 since last reset
  • The average score is 3 of 18
Answers on the Grid
Answers color-coded by a green-red scale on the quiz's grid according to % correct below.
Azerbaijan
Bahrain
Bulgaria
Croatia
Cyprus
Djibouti
Dominican Republic
Georgia
Iceland
Iran
Israel
Kazakhstan
Laos
Liechtenstein
Malaysia
Marshall Islands
Mauritius
Mongolia
Namibia
Nicaragua
Norway
Pakistan
Papua New Guinea
Paraguay
Philippines
Poland
Russia
Sudan
Suriname
Ukraine
Venezuela
Vietnam
 
Answer Stats
Answer % Correct
Poland
40%
Norway
39%
Russia
36%
Bulgaria
30%
Philippines
23%
Bahrain
21%
Iceland
19%
Malaysia
16%
Dominican Republic
15%
Cyprus
11%
Liechtenstein
9%
Pakistan
8%
Djibouti
6%
Georgia
5%
Suriname
5%
Marshall Islands
4%
Mauritius
3%
Nicaragua
1%
No matching quizzes found
Score Distribution
Percent of People with Each Score
Percentile by Number Answered
Your Score History
You have not taken this quiz since the last reset